| 000 | 00583 a2200181 4500 | ||
|---|---|---|---|
| 999 |
_c188 _d188 |
||
| 008 | 210415b ||||| |||| 00| 0 eng d | ||
| 020 | _a9780814438206 | ||
| 082 | 0 | 0 |
_a658.84 _bC7711 |
| 100 |
_aCook, Thomas A. _94949 |
||
| 245 |
_aMastering import and export management / _cby Thomas A. Cook. and Kelly Raia |
||
| 250 | _a3rd ed. | ||
| 260 |
_aNew York: _bAMACOM Books, _cc2017. |
||
| 300 | _axii, 723 p. | ||
| 504 | _aAMACOM, A division of Americal Management Association, I60I Broadway, New York | ||
| 650 | 0 | _aExports Management | |
| 700 |
_94951 _aRaia, Kelly |
||
| 942 |
_2ddc _cBK |
||